000 00332nam a22001457a 4500
008 210512b ||||| |||| 00| 0 eng d
020 _a9780072556391
041 _aeng
080 _25th
_a82
082 _a82
100 _a21
101 _aGJL
245 _aReadings in the Western Humanities
_cRoy T. Matthews
942 _2udc
_cBK
999 _c57285
_d57285